000 00526cam a22001931 4500
001 af 48003507
003 DLC
005 20260227110902.0
008 890617s1944 be 000 0 dut c
010 _aaf 48003507
035 _a(OCoLC)19884641
040 _aCalifornia. Univ. Libr.
_cCU
_dDLC
042 _apremarc
050 0 0 _aPT6401.A86
_bM6
100 1 _aAmeye, Marcel.
245 1 3 _aDe moderne musketiers.
_bVlaamsche burleske in drie bedrijven.
260 _aAntwerpen,
_bP. Putman
_c[1944]
300 _a96 p.
_c17 cm.
999 _c5626
_d5626